01503cam a2200373 a 45000010005000000030006000050050017000110080041000280100017000690200026000860200025001120200015001370400023001520500017001750820008001921000027002002450032002272500027002592600035002863000023003215050007003445200283003515210018006345210018006526500042006706500027007126500022007396510021007619060045007829420015008279990015008429520136008579520136009935916FISKH20250207091250.0000719s2001 nyu c 000 1 eng  a 00059725  a0786806176 (trade hc) a0786825294 (library) a043940147x aDLCcDLCdDLCbeng aPZ7.S65766 Z a5231 aSmith, Rolandd(1951-)10aZach's lie /cRoland Smith. aFirst printing in 2002 aNew York :bScholastic,c2001. a215 pages :c20 cm aP  aWhen Jack Osborne is befriended by his school's custodian and a Basque girl, he begins to adjust to his family's sudden move to Elko, Nevada, after entering the Witness Security Program, but the drug cartel against which his father will testify is determined to track them down.8 a650 bLexile 8 aP bRaz-Plus  1aWitness protection programsvFiction. 1aDrug dealersvFiction. 1aBasquesvFiction. 1aNevadavFiction. a7bcbccorignewd1eocipf20gy-gencatlg 2ddccBKn0 c5916d5916 00102ddc40708JUVFa001b001cTTP Oranged2025-02-06l0oSMI 523 PZ7.S65766 Zp2025-0427r2025-02-06 15:08:10t1w2025-02-06yBK 00102ddc40708JUVFa001b001cTTP Oranged2025-02-07l0oSMI 523 PZ7.S65766 Zp2025-0441r2025-02-07 09:12:47t2w2025-02-07yBK